01174nam a2200193Ia 4500001001100000003001000011008004100021040002500062041001300087100002300100245006100123250001100184260009200195300002700287500025900314501011400573520025900687650003400946L240-12490IT-CnALBA170116s9999||||xx |||||||||||||| ||und|| aIT-CnALBAcIT-CnALBA aITALIANO aLAMANTIA FRANCESCO 0aGIOVINEZZA ARDITA E LIETA. ESORTAZIONI ALLA GIOVENTÙ.  a1a ed. aCINISELLO BALSAMO (MI)bEDIZIONI PAOLINEc1950 [1° Ed.:1950 - Ed.Ling.Originale: 1950] a134 p. (prefazione: 7) aORIENTAMENTO. APPRENDIMENTO. LOTTA CONQUISTA. ALLA RICERCA DI DIO. GIOVINEZZA SPERANZA AMORE DI DIO E PROSSIMO. UMILTÀ PECCATO TENTAZIONI. SOFFERENZA. IDEALI. PREGHIERA. DISEGNI NEL TESTO. VOLTO DI BIMBO. RICONCILIAZIONE. DIVOZIONE A MARIA. PROGRAMMA.  aSocietà San Paolo EM - Piazza San Paolo, 14 - 12051 ALBA (CN) (non commercial uses only) ® Copyright 2017 aORIENTAMENTO. APPRENDIMENTO. LOTTA CONQUISTA. ALLA RICERCA DI DIO. GIOVINEZZA SPERANZA AMORE DI DIO E PROSSIMO. UMILTÀ PECCATO TENTAZIONI. SOFFERENZA. IDEALI. PREGHIERA. DISEGNI NEL TESTO. VOLTO DI BIMBO. RICONCILIAZIONE. DIVOZIONE A MARIA. PROGRAMMA.  aTEOLOGIA SPIRITUALE CRISTIANA